Movimientos literarios de vanguardia en Iberoamérica
Gorde:
| Erakunde egilea: | |
|---|---|
| Formatua: | Ezezaguna |
| Hizkuntza: | Spanish |
| Argitaratua: |
México
Universidad de Texas
1965
|
| Gaiak: | |
| Etiketak: |
Etiketa erantsi
Etiketarik gabe, Izan zaitez lehena erregistro honi etiketa jartzen!
|
MARC
| LEADER | 000000000a22000000004500 | ||
|---|---|---|---|
| 001 | 001913 | ||
| 003 | CIICLA | ||
| 005 | 20140129170429.0 | ||
| 007 | ta | ||
| 008 | 140129t1965 m |||f |||| 00| 0 spa d | ||
| 040 | |c cru CIICLA Universidad de Costa Rica | ||
| 041 | 0 | |a español | |
| 092 | 0 | |a 860.9 I-59m | |
| 110 | 1 | |a Memoria del Undécimo Congreso | |
| 245 | 1 | 0 | |a Movimientos literarios de vanguardia en Iberoamérica |c Memoria del Undécimo Congreso |
| 260 | |a México |b Universidad de Texas |c 1965 | ||
| 300 | |a 141 páginas | ||
| 500 | |a número de inscripción 01143 -- Memoria del Undécimo Congreso celebrado en la Universidad de Texas, en Austin y San Antonio, los días 29, 30 y 31 de agosto de 1963. | ||
| 505 | |r David Bary |t En torno a las polémicas de vanguardia / | ||
| 505 | |r Giovanni Previtali |t Ricardo Güiraldes y el movimieto de vanguardia en la Argentina / | ||
| 505 | |r Allen W. Phillips |t Borgues y su concepto de la metáfora / | ||
| 505 | |r Eugenio Florit |t Mariano Brull y la poesía cubana de vanguardia / | ||
| 505 | |r Guillermo de Torre |t La polémica del creacionismo: Huidobro y Reverdy / | ||
| 505 | |r Luis Leal |t El movimiento estridentista / | ||
| 505 | |r Frank Dauster |t El teatro vanguardista de Carlos Solórzano / | ||
| 505 | |r Estuardo Núñez |t La nueva narrativa del Perú / | ||
| 505 | |r Clarice Lispector |t Literatura de vanguardia no Brasil / | ||
| 505 | |r Heitor Martins |t O concretismo na atual poesia brasileira / | ||
| 505 | |r Stefan Baciu |t O surrealismo, a "Semana de Arte Moderna" no Brasil e as "Vanguardia" hispano-americana / | ||
| 505 | |r Claude L. Hulet |t A beate Maria do Egito / | ||
| 650 | 4 | |a LITERATURA HISPANOAMERICANA |v CONGRESOS |v CONFERENCIAS | |
| 942 | |2 ddc |c BK | ||
| 999 | |c 2801 |d 2801 | ||
